Statistics for Famous Catherines

Click here to take the quiz!

General Stats

  • This quiz has been taken 27 times
  • The average score is 6 of 15

Answer Stats

known forAnswer% Correct
Russian EmpressCatherine the great
92%
1st wife of HenryCatherine of Aragon
88%
Chicago. the mask of ZorroCatherine Zeta Jones
79%
6th wife of HenryKatherine Parr
79%
5th wife of HenryCatherine Howard
63%
African Queen/ The RainmakerKatherine Hepburn
46%
Doctor who companion with David TennantCatherine Tate
38%
RoyaltyKate Middleton
38%
Titanic MollyKathy Bates
38%
Greys anatomyKatherine Heigl
29%
french queen to Henry iiCatherine de Medici
13%
canadianCatherine O'Hara
8%
Married to David Fostrer/ American idol/ scorpionkatherine Mcphee
8%
Good witch seriesCatherine Bell
4%
Arrow and ShadowhuntersKatherine McNamara
4%

Score Distribution

Percentile by Number Answered

Percent of People with Each Score

Your Score History

You have not taken this quiz